1787 1225 1796 1992 1266 1733 1657 1844 1710 1784 1433 1405 1507 1327 1463 1242 1582 1284 1243 1604 1619 1517 1100 1325 1551 1319 1352 1896 1442 1220 1393 1153 1930 1353 1713 1683 1293 1607 1560 1205 1041 1095 1247 1252 1214 1594 1935 1584 1185 1037 1893 1230 1921 1581 1769 1591 1309 1202 1678 1246 1927 1501 1587 1726 1021 1671 1484 1100 1737 1884 1467 1315 1161 1334 1974 1731 1420 1761 1316 1780 1250 1251 1351 1137 1033 1594 1496 1278 1428 1496 1192 1300 1459 1620 1548 1112 1851 1531 1716 BCNSPRNW ULIB Ver.6.0+V

เปลี่ยนเป็นภาษาไทย

Change to English
 แสดงรายละเอียดบรรณานุกรม
  กลับหน้าหลัก

Brief Record : Get Marc (ISO 2709) : E-mail record : QR code < ปิดหน้าต่าง
LEADER : 00000nam 2200000uu 4500
001    13399121007
003     ULIB
008    121030s2545||||th 000 0 tha d
020    ^a9746138588
050 04 ^aHQ773^bส719ป ล.2
110 1  ^aมหาวิทยาลัยสุโขทัยธรรมาธิราช^bสาขาวิชาคหกรรมศาสตร์
245 00 ^aปัญหาเด็กและเยาวชนกับการส่งเสริมอาชีพ หน่วยที่ 8-15=^bJuvenile problems and creer promotion/^cสาขาวิชาคหกรรมศาสตร์ มหาวิทยาลัยสุโขทัยธรรมาธิราช
250    ^aพิมพ์ครั้งที่ 7
260    ^aนนทบุรี :^bมหาวิทยาลัยสุโขทัยธรรมาธิราช,^c2545
300    ^a562 หน้า :^bภาพประกอบ ;^c30 ซม
650  7 ^aเด็กที่เป็นปัญหา
650  7 ^aเด็ก^xการสังเคราะห์
650  7 ^aเยาวชน^xการสังเคราะห์
650  7 ^aการแนะแนวอาชีพ
945    ^p0^l0^i24371
995    ^aทศพร
999    ^aทศพร เกษรทอง
รายการนี้ยังไม่มีแท็ก
คุณยังไม่ได้ล็อกอิน คุณสามารถมีกิจกรรมร่วมกับเว็บไซต์ได้ แต่ต้องล็อกอินก่อน ::
  ล็อกอิน

รายการสื่อสารสนเทศ

ลำดับที่ ประเภท เลขเรียก/บาร์โค้ด สถานที่ สถานะ
1. วิทยาศาสตร์การแพทย์ และสุขภาพ
วิทยาศาสตร์การแพทย์ และสุขภาพ
HQ773 ส719ป ล.2 ฉ.1 
  Barcode: 24371
ห้องสมุดวิทยาเขตสวรรค์ประชารักษ์
►หนังสือทั่วไป
บนชั้น

รายการใกล้เคียง
    หัวเรื่อง [เด็กที่เป็นปัญหา]
    หัวเรื่อง [การแนะแนวอาชีพ]

BibComment


ยังไม่เคยถูกคอมเมนท์

คอมเมนท์ทรัพยากรรายการนี้
  คอมเมนท์: ปัญหาเด็กและเยาว..


 Copyright 2026. Bcnsprnw @Library